| 000 | 01285nam a22003017a 4500 | ||
|---|---|---|---|
| 005 | 20120529150435.0 | ||
| 008 | 080918t xxu||||| |||| 00| 0 hin d | ||
| 010 | _a | ||
| 020 |
_a _c100.00 |
||
| 035 | _aB-25910 | ||
| 037 | _bDBAD / PUB | ||
| 040 |
_aDPL _bHN |
||
| 082 | _a590 | ||
| 100 |
_9747 _aसीताराम सिंह पंकज |
||
| 245 |
_aपक्षियों का संसार / _cसीताराम सिंह पंकज |
||
| 260 |
_aदिल्ली _bइन्द्रप्रस्थ प्रकाशन _c2000 |
||
| 270 |
_a _bदिल्ली _e |
||
| 300 |
_a112पृ. _c22सेमी (सजिल्द) _bसचित्र |
||
| 650 | _9697 | ||
| 650 | _9698 | ||
| 700 | _927881 | ||
| 700 | _927882 | ||
| 700 | _927883 | ||
| 942 |
_2ddc _cHN _mसीतारा _h590 |
||
| 999 |
_c67321 _d67321 |
||